Library Banner

The Agha Khan rural support programme (Record no. 39914)

MARC details
000 -LEADER
fixed length control field 00544nam a2200193Ia 4500
001 - CONTROL NUMBER
control field 40742
003 - CONTROL NUMBER IDENTIFIER
control field OSt
005 - DATE AND TIME OF LATEST TRANSACTION
control field 20171013115815.0
008 - FIXED-LENGTH DATA ELEMENTS--GENERAL INFORMATION
fixed length control field 140424s9999 xx 000 0 und d
020 ## - INTERNATIONAL STANDARD BOOK NUMBER
International Standard Book Number 9780195476682
040 ## - CATALOGING SOURCE
Transcribing agency PK-LaUMT
082 ## - DEWEY DECIMAL CLASSIFICATION NUMBER
Classification number 307.141209P
Item number SHO-A
100 ## - MAIN ENTRY--PERSONAL NAME
Personal name Shoaib Sultan Khan
245 #4 - TITLE STATEMENT
Title The Agha Khan rural support programme
Remainder of title a journey through grassroots development
Statement of responsibility, etc Shoaib Sultan Khan
260 ## - PUBLICATION, DISTRIBUTION, ETC. (IMPRINT)
Place of publication, distribution, etc Karachi,Pakistan:
Name of publisher, distributor, etc Oxford University Press,
Date of publication, distribution, etc 2009
300 ## - PHYSICAL DESCRIPTION
Extent 502 p.
546 ## - LANGUAGE NOTE
Language note EN
942 ## - ADDED ENTRY ELEMENTS (KOHA)
Koha item type Books
Source of classification or shelving scheme Dewey Decimal Classification
Holdings
Withdrawn status Lost status Source of classification or shelving scheme Damaged status Not for loan Home library Current library Date acquired Total Checkouts Full call number Barcode Date last seen Date checked out Price effective from Koha item type
    Dewey Decimal Classification     UMT Main Campus UMT Main Campus 2014-04-24 2 307.141209P SHO-A 43961 2023-04-15 2023-04-11 2014-05-05 Books